All Lego Video Games Ever Made - Statistics

General Stats
  • This quiz has been taken 39 times
    9 since last reset
  • The average score is 39 of 123
Answer Stats
Year Answer % Correct
2015 Lego Dimensions
100%
2021 Lego Duplo Marvel
100%
2010 Lego Harry Potter: Years 1–4
100%
2011 Lego Harry Potter: Years 5–7
100%
2016 Lego Marvel's Avengers
100%
2005 Lego Star Wars: The Video Game
100%
2014 Lego The Hobbit
100%
2012 Lego The Lord of the Rings
100%
2003 Bionicle
75%
2023 Lego 2K Drive
75%
2012 Lego Batman 2: DC Super Heroes
75%
2014 Lego Batman 3: Beyond Gotham
75%
2026 Lego Batman: Legacy of the Dark Knight
75%
2008 Lego Batman: The Videogame
75%
2013 Lego City Undercover
75%
2009 Lego Indiana Jones 2: The Adventure Continues
75%
2008 Lego Indiana Jones: The Original Adventures
75%
1997 Lego Island
75%
2001 Lego Island 2: The Brickster's Revenge
75%
2015 Lego Jurassic World
75%
2013 Lego Marvel Super Heroes
75%
2017 Lego Marvel Super Heroes 2
75%
2011 Lego Pirates of the Caribbean: The Video Game
75%
2011 Lego Star Wars III: The Clone Wars
75%
2006 Lego Star Wars II: The Original Trilogy
75%
2007 Lego Star Wars: The Complete Saga
75%
2016 Lego Star Wars: The Force Awakens
75%
2022 Lego Star Wars: The Skywalker Saga
75%
2018 Lego The Incredibles
75%
2019 The Lego Movie 2 Videogame
75%
2014 The Lego Movie Videogame
75%
2019 Lego Brawls
50%
2019 Lego Builder's Journey
50%
1998 Lego Chess
50%
1998 Lego Creator
50%
2001 Lego Creator: Harry Potter
50%
2018 Lego DC Super-Villains
50%
2011 Lego Duplo Minispiele 2
50%
2012 Lego Duplo Zoo
50%
2024 Lego Horizon Adventures
50%
2015 Lego Nexo Knights: Merlok 2.0
50%
2015 Lego Ninjago: Shadow of Ronin
50%
2025 Lego Party
50%
2009 Lego Rock Band
50%
2017 Lego Worlds
50%
2017 The Lego Ninjago Movie Video Game
50%
2002 Drome Racers
25%
2025 Lego Bluey
25%
2006 Lego Bricks
25%
2022 Lego Bricktales
25%
2023 Lego Fortnite
25%
1999 | 2013 Lego Friends
25%
2017 Lego Friends Heartlake Rush
25%
2024 Lego Harry Potter Collection
25%
2000 Legoland
25%
2013 Lego Legends of Chima: Laval's Journey
25%
2011 Lego Life of George
25%
1998 Lego Loco
25%
2014 Lego Minifigures Online
25%
2000 Lego My Style: Kindergarten
25%
2000 Lego My Style: Preschool
25%
2014 Lego Ninjago: Nindroids
25%
1999 | 2007 Lego Racers
25%
2001 Lego Racers 2
25%
2014 Lego Star Wars: Microfighters
25%
2025 Lego Voyagers
25%
2006 Lego World Soccer
25%
2007 Bionicle Challenge
0%
2008 Bionicle Defenders
0%
2006 Bionicle Heroes
0%
2016 Bionicle: Mask of Control
0%
2015 Bionicle: Mask of Creation
0%
2002 Bionicle: Matoran Adventures
0%
2005 Bionicle: Maze of Shadows
0%
2002 Creator: Harry Potter and the Chamber of Secrets
0%
2002 Football Mania
0%
2002 Galidor: Defenders of the Outer Dimension
0%
2002 Island Xtreme Stunts
0%
2001 Junkbot
0%
2000 Lego Alpha Team
0%
2009 Lego Battles
0%
2011 Lego Battles: Ninjago
0%
2001 Lego Bionicle: Quest for the Toa
0%
2007 Lego Brick Breaker
0%
2006 Lego Bricktopia
0%
2006 Lego Builder Bots
0%
2014 Lego City My City
0%
2012 Lego City Team Up
0%
2013 Lego City Undercover: The Chase Begins
0%
2006 Lego Clikits: Chic Boutique
0%
2000 Lego Creator: Knight's Kingdom
0%
2018 Lego Cube
0%
2023 Lego Duplo Disney
0%
2024 Lego Duplo Peppa Pig
0%
2019 Lego Duplo World
0%
2007 Lego Escape
0%
2006 Lego Fever
0%
2012 Lego Friends Dress Up
0%
1995 Lego Fun to Build
0%
2013 Lego Galaxy Squad Bug Battle
0%
2013 Lego Hero Factory Brain Attack
0%
2024 Lego Hill Climb Adventures
0%
2012 Lego Juniors Create & Cruise
0%
2004 Lego Knights' Kingdom
0%
2020 Lego Legacy: Heroes Unboxed
0%
2013 Lego Legends of Chima Online
0%
2013 Lego Legends of Chima: Speedorz
0%
2015 Lego Legends of Chima: Tribe Fighters
0%
2019 Lego Marvel Collection
0%
2014 Lego Marvel Super Heroes: Universe in Peril
0%
2012 Lego Monster Fighters Race
0%
2012 Lego Ninjago: Rise of the Snakes
0%
1999 Lego Rock Raiders
0%
2019 Lego Star Wars Battles
0%
2021 Lego Star Wars: Castaways
0%
2000 Lego Stunt Rally
0%
2019 Lego Tower
0%
2010 Lego Universe
0%
2002 Lego Worldbuilder
0%
2001 Mata Nui Online Game
0%
2017 The Lego Batman Movie Game
0%
No matching quizzes found
Score Distribution
Percent of People with Each Score
Percentile by Number Answered
Your Score History
You have not taken this quiz since the last reset